General Knowledge Quiz #119 - Statistics

General Stats
  • This quiz has been taken 75,621 times
    49,109 since last reset
  • The average score is 12 of 20
Answer Stats
Question Answer % Correct
What sea did God part for Moses so that the Israelis could flee Egypt? Red Sea
88%
What does a Cochlear implant help a person do? Hear
85%
What country did the U.S. support in its war against Iran in the 1980s? Iraq
75%
What are Ursa Major, Andromeda, and Crux? {Constellation}s
72%
What is the only element of the periodic table that starts with the letter X? Xenon
72%
What toxic fish is called fugu in Japan? Pufferfish
71%
What type of art does the English artist Banksy specialize in? Graffiti
70%
What type of animal can be distinguished from seals by its large front flippers and the presence of visible ear flaps? Sea lion
65%
What was the first city to host the Summer Olympics three different times? London
64%
What two-letter mantra is often uttered at yoga studios? Om
63%
What activity are Davos, Aspen, and Whistler famous for? Skiing
63%
What is the medical name for the windpipe? Trachea
60%
There are 3 countries recognized by JetPunk that are not members of the United Nations. Name any of the three. Kosovo | Taiwan | Vatican City
57%
What road did Robert Frost take that made all the difference? The Road {Less} {Traveled}
53%
What gladiator famously led a slave revolt against Rome? Spartacus
52%
"Sasha" is a nickname for what common male name, starting with A? Alexander
51%
What was the richest country in the world in 1700, due to its lucrative spice trade? Netherlands
49%
What is the most famous anatomy textbook of all time? Gray's Anatomy
42%
Who can issue an decree known as a bull? The Pope
36%
What book does the phrase "Who is John Galt" come from? Atlas {Shrugged}
28%
No matching quizzes found
Score Distribution
Percent of People with Each Score
Percentile by Number Answered
Your Score History
You have not taken this quiz since the last reset